Central Library OPAC University of Rajshahi

Spicer and Pegler's Practical auditing. (Record no. 44320)

MARC details
000 -LEADER
fixed length control field 01022cam a2200325 4500
001 - CONTROL NUMBER
control field 44320
003 - CONTROL NUMBER IDENTIFIER
rucl marc code BD-RjUL
005 - DATE AND TIME OF LATEST TRANSACTION
control field 20211209053833.0
008 - FIXED-LENGTH DATA ELEMENTS--GENERAL INFORMATION
fixed length control field 160716s1958 enkak 001 0 eng
035 ## - SYSTEM CONTROL NUMBER
System control number BD-RjUL44438
System control number (BD-RjUL)
System control number (NNC)2414183
040 ## - CATALOGING SOURCE
Original cataloging agency DLC
Transcribing agency DLC
Modifying agency UKM
-- ZCU
Language of cataloging eng
041 ## - LANGUAGE CODE
Language code of text/sound track or separate title eng
082 ## - DEWEY DECIMAL CLASSIFICATION NUMBER
Classification number 657.45
Author mark and year SPP 1958
Edition number 23
100 1# - MAIN ENTRY--PERSONAL NAME
Personal name Spicer, Ernest Evan.
9 (RLIN) 136036
245 10 - TITLE STATEMENT
Title Spicer and Pegler's Practical auditing.
Statement of responsibility, etc. Ernest Evan.Spicer
250 ## - EDITION STATEMENT
Edition statement 12th ed.
260 ## - PUBLICATION, DISTRIBUTION, ETC. (IMPRINT)
Place of publication, distribution, etc. London :
Name of publisher, distributor, etc. H.E.L. (Publishers),
Date of publication, distribution, etc. 1958
300 ## - PHYSICAL DESCRIPTION
Pagination xix, 514 p. :
Illustrations ill. ;
Size 22 cm.
500 ## - GENERAL NOTE
General note Published in 1929 under title: Practical auditing.
650 #0 - SUBJECT ADDED ENTRY--TOPICAL TERM
Topical term or geographic name as entry element Auditing.
9 (RLIN) 116523
Topical term or geographic name as entry element Corporations
General subdivision Accounting.
9 (RLIN) 136037
Topical term or geographic name as entry element Corporation law
Geographic subdivision Great Britain.
9 (RLIN) 136038
700 1# - ADDED ENTRY--PERSONAL NAME
Personal name Pegler, Ernest Charles,
Personal name Bigg, Walter W.
Fuller form of name (Walter William),
Dates associated with a name 1903-,
942 ## - ADDED ENTRY ELEMENTS (KOHA)
Source of classification or shelving scheme Dewey Decimal Classification
Koha item type Books
Holdings
Lost status Source of classification or shelving scheme Damaged status Not for loan Collection code Permanent Location Current Location Shelving location Date acquired Source of acquisition Cost, normal purchase price Total Checkouts Full call number Date last seen Copy number Koha item type
  Dewey Decimal Classification     Non-fiction Central Library, University of Rajshahi Central Library, University of Rajshahi   11/02/1959 Mollick brather, Dhaka 20.00   657.45 SPP 1958 16/07/2016 C-2 Books
  Dewey Decimal Classification     Non-fiction Central Library, University of Rajshahi Central Library, University of Rajshahi   11/02/1969 Mollick Brathers , Dhaka 20.00   657.45 SPP 1958 17/04/2019 C-3 Books